Hodnotenie úverového rizika so zameraním na malé a stredné podniky diplomová práca

Enregistré dans:
Détails bibliographiques
Auteur principal: Čížová, Katarína
Collectivité auteur: Národohospodárska fakulta EU. Katedra financií
Autres auteurs: Sivák, Rudolf, 1955-
Format: Livre
Langue:slovaque
Publié: Bratislava 2009
Tags: Ajouter un tag
Pas de tags, Soyez le premier à ajouter un tag!

MARC

LEADER 00000nam$a2200000$$$4500
001 0096563
005 20240318141348.1
041 0 |a slo 
044 |a SK 
245 1 0 |a Hodnotenie úverového rizika so zameraním na malé a stredné podniky  |b diplomová práca  |c Katarína Čížová ; škol. Rudolf Sivák 
264 1 |a Bratislava  |c 2009 
300 |a 71 s. 
100 1 |a Čížová, Katarína 
700 1 |a Sivák, Rudolf, 1955- 
710 2 |a Národohospodárska fakulta EU. Katedra financií